Kaart van Nederland Quiz - Statistieken

Algemene statistieken
  • Deze quiz is 6.788 keer genomen
  • De gemiddelde score is 10 van 12
Antwoorden op de kaart
Antwoorden kleurgecodeerd door een groen-rode schaal op de quizkaart volgens % correct hieronder.
 
Antwoordstatistieken
Antwoord % Correct
Zeeland
88%
Limburg
87%
Noord-Brabant
86%
Noord-Holland
86%
Friesland
85%
Zuid-Holland
85%
Utrecht
84%
Flevoland
81%
Groningen
81%
Gelderland
78%
Drenthe
77%
Overijssel
76%
Geen overeenkomende quizzen gevonden
Scoreverdeling
Procent van Mensen met Elke Score
Percentiel versus Aantal Correcte Antwoorden
Uw Scoregeschiedenis
U heeft deze quiz nog niet genomen